000 00797cab a2200277 4500
001 ABS53583
008 090401t1995 xxu||||| |||| 00| 0 eng d
035 _a(Sirsi) u5192
041 _aeng
245 _aThemes or dreams?
260 _c1995
350 _a0
490 _aHousing
_v31(7) September 1995, 24-32(9)
520 _aAnalyses the main points of the white paper "Our future homes". Includes the results of a survey of the housing profession on the white paper.
650 _aHOMELESSNESS
650 _aHOUSING POLICY
650 _aHOUSING WHITE PAPER
650 _aOUR FUTURE HOMES
650 _aPRIVATE RENTING
650 _aPROBATIONARY TENANCIES
650 _aRICS
650 _aVOLUNTARY PURCHASE GRANTS
690 _aHOUSING
942 _n0
948 _c04/03/1997
999 _c3103
_d3103